Kazuistiky (nejen) z primární pediatrické praxe III. /

Hlavní autor: Šebková, Alena
Jazyk: Čeština
Vydáno: Praha : Current Media, 2023
Vydání: Třetí vydání
Edice: Medicus
Témata:
Fyzický popis: 223 stran : ilustrace (převážně barevné), portréty ; 24 cm
Language note: České a anglické resumé
Knihy
Uloženo v:
LEADER 02048nam a2200529 i 4500
001 nkc20233523258
003 CZ PrNK
005 20230719090621.0
007 ta
008 230601s2023 xr ac f 001 0 cze
015 |a cnb003523258 
020 |a 978-80-88129-66-0  |q (vázáno) :  |c Kč 480,00 
035 |a (OCoLC)1389729492 
040 |a ABA001  |b cze  |e rda 
041 0 |a cze  |b eng  |b cze 
072 7 |a 616-053.2  |x Pediatrie  |2 Konspekt  |9 14 
080 |a 616-053.2  |2 MRF 
080 |a 616.1/.9-053.2  |2 MRF 
080 |a 616.1/.9-052-07/-08  |2 MRF 
080 |a (048.8:082)  |2 MRF 
100 1 |a Šebková, Alena  |7 ola2017942688  |4 aut 
245 1 0 |a Kazuistiky (nejen) z primární pediatrické praxe III. /  |c Alena Šebková a kolektiv 
250 |a Třetí vydání 
264 1 |a Praha :  |b Current Media,  |c 2023 
300 |a 223 stran :  |b ilustrace (převážně barevné), portréty ;  |c 24 cm 
336 |a text  |b txt  |2 rdacontent 
337 |a bez média  |b n  |2 rdamedia 
338 |a svazek  |b nc  |2 rdacarrier 
490 1 |a Medicus 
500 |a Na titulní stránce označení vydání chybně: třetí vydání, v tiráži správně: 1. vydání 
504 |a Obsahuje bibliografie a rejstřík 
546 |a České a anglické resumé 
650 0 7 |a pediatrie  |7 ph115705  |2 czenas 
650 0 7 |a nemoci u dětí  |7 ph134932  |2 czenas 
650 0 7 |a kazuistiky (lékařství)  |7 ph122501  |2 czenas 
650 0 9 |a pediatrics  |2 eczenas 
650 0 9 |a diseases of children  |2 eczenas 
650 0 9 |a casuistics  |2 eczenas 
655 7 |a kolektivní monografie  |7 fd501537  |2 czenas 
655 9 |a collective monographs  |2 eczenas 
830 0 |a Medicus  |0 s 
910 2 |a BOA001  |b 2-1509.553 
990 |a BK 
995 |a 01 
996 6 |b 2610942146  |c 2-1509.553  |l MZK  |r Sklad / do 1 hodiny  |n 1  |p p.v.  |w 001929726  |u 000010  |a 1  |e BOA001  |j MZK50  |s P 
996 6 |b 2610943666  |c 2-1509.553  |l MZK  |r STM 6p  |n 0  |p kup  |h 616-053.2 ŠEB  |w 001929726  |u 000020  |a 0  |e BOA001  |j MZK50  |s P 
996 7 |b 2610943667  |c 2-1509.553  |l Vol.výběr  |r VV 1p  |n 3  |p kup  |h 616-053.2 ŠEB  |w 001929726  |u 000030  |a 0  |e BOA001  |j MZK50  |s A